000
00278nam a22000977a 4500
005
20250901165241.0
008
210226b ||||| |||| 00| 0 eng d
050
_a
QC171 .D37
245
_a
The new conceptions of matter
_c
DARWIN, C G.
942
_2
lcc
_h
QC171 .D37 1931
999
_c
1015
_d
1015